000 00222 a2200109 4500
020 _a9789804130038
041 _aspa
100 _aSicoben
245 _aBetty y sus Amigos Aprender a colaborar
942 _cBK
952 _71
999 _c23904
_d23904